Essential supplements for woman : what every woman should know about vitamins, minerals, enzimes e amino acids

Gardado en:
Detalles Bibliográficos
Autor Principal: Reuben, Carolyn
Formato: Libro
Idioma:inglés
Publicado: The Putman. c1988.
Subjects:
Tags: Engadir etiqueta
Sen Etiquetas, Sexa o primeiro en etiquetar este rexistro!

MARC

LEADER 00000nam a22000005a 4500
001 5685
003 CL-ChBUA
005 20120815102927.0
008 070301s1988 xxu 000 0 eng
020 |a 0399514376 
040 |a CL-ChBUA  |c CL-ChBUA 
082 0 0 |a 618.1 
090 |c 5685  |d 5685 
100 1 |a Reuben, Carolyn. 
245 1 0 |a Essential supplements for woman :  |b what every woman should know about vitamins, minerals, enzimes e amino acids 
260 |b The Putman.  |c c1988. 
300 |a 192 p.  |c 22 cm. 
504 |a Indice. 
650 4 |a GINECOLOGIA. 
942 |c LIB 
952 |0 0  |1 0  |4 0  |7 0  |9 8495  |a UNACH  |b UNACH  |c 600  |d 2007-03-05  |i 25.338.  |l 1  |o 618.1 / R 442.  |p 9494  |r 2022-07-11 00:00:00  |s 2022-07-06  |u 8495  |w 2012-08-08  |y LIB  |k 618.1 / R 442. 
999 |c 5685  |d 5685